Report of Minimum Wages Advisory Committee for Rice, Dal and Flour Mills (Record no. 489562)

000 -LEADER
fixed length control field 00462cam a22001337a 4500
008 - FIXED-LENGTH DATA ELEMENTS--GENERAL INFORMATION
fixed length control field 180718b1951 xxu||||| |||| 00| 0 eng d
082 ## - DEWEY DECIMAL CLASSIFICATION NUMBER
Classification number R23x5422 M264n
100 ## - MAIN ENTRY--PERSONAL NAME
Personal name Madhya Pradesh. Minimum Wages Advisory Committee for Rice, Dal and Flour Mills
245 ## - TITLE STATEMENT
Title Report of Minimum Wages Advisory Committee for Rice, Dal and Flour Mills
260 ## - PUBLICATION, DISTRIBUTION, ETC.
Place of publication, distribution, etc. Indore
Name of publisher, distributor, etc. The author
Date of publication, distribution, etc. 1951
300 ## - PHYSICAL DESCRIPTION
Extent 38p.
500 ## - GENERAL NOTE
General note Chairman: L.R. Joshi
700 ## - ADDED ENTRY--PERSONAL NAME
Personal name Joshi, L.R. (Chairman)
Holdings
Withdrawn status Lost status Damaged status Not for loan Permanent Location Current Location Date acquired Full call number Barcode Date last seen Price effective from Koha item type
        Indian Institute of Public Administration Indian Institute of Public Administration 2018-08-04 R23x5422 M264n GG1487 2018-08-04 2018-08-04 GG

Powered by Koha